000 00272nam a22001337a 4500
008 181122b xxu||||| |||| 00| 0 eng d
020 _a0382059743
041 _aeng
080 _a781
100 _a45
101 _aMUZ
245 _aMusic
_cBurdett, S
942 _2udc
_cBK
999 _c52404
_d52404